000 00496nmm a2200169Ia 4500
008 251105s9999||||xx |||||||||||||||||und||
020 _a9788497885713
041 _aspa
100 _aFont Barrot, Alfred
245 0 _aCurso de negociación estratégica
264 _a[Madrid, España] :
_bUniversitat Oberta de Catalunya,
_c2007
300 _a228 páginas
490 _aManuales
650 _aEconomics and Business
856 _uhttps://public.digitaliapublishing.com/a/1041
942 _cCF
999 _c90692
_d90692